[Event "32. Offene Senioren-LEM Sachsen-Anh. 65"]
[Site "Magdeburg, Germany"]
[Date "2024.07.03"]
[Round "3.3"]
[White "Pfitzer, Norbert"]
[Black "Kahe, Ralph"]
[Result "0-1"]
[WhiteElo "1998"]
[BlackElo "2129"]
[PlyCount "44"]
[EventDate "2024.??.??"]

1. d4 g6 2. e4 Bg7 3. Nc3 a6 4. Be3 b5 5. h4 h5 6. Nh3 Bb7 7. a3 d6 8. Qd2 Nd7
9. Ng5 Rc8 10. Be2 c5 11. O-O cxd4 12. Bxd4 Ngf6 13. Rad1 O-O 14. f4 Qc7 15.
Bf3 Rfd8 16. Rf2 e5 17. Be3 Nb6 18. b3 exf4 19. Bxb6 Qxb6 20. Ne2 d5 21. Qxf4
dxe4 22. Rxd8+ Rxd8 0-1

[Event "32. Offene Senioren-LEM Sachsen-Anh. 65+"]
[Site "Magdeburg"]
[Date "2024.07.03"]
[Round "3.7"]
[White "Kolthoff, Siegmund"]
[Black "Costello, Colin"]
[Result "1-0"]
[WhiteElo "2090"]
[BlackElo "1911"]
[PlyCount "89"]
[EventDate "2024.??.??"]
[WhiteTeam "SK Johanneum Eppendorf"]
[BlackTeam "SC Zugzwang 95"]

1. d4 Nf6 2. c4 e6 3. Nf3 Bb4+ 4. Nbd2 d5 5. e3 O-O 6. Bd3 Nbd7 7. O-O c5 8. a3
Bxd2 9. Qxd2 b6 10. b3 Bb7 11. Bb2 dxc4 12. bxc4 Bxf3 13. gxf3 Nh5 14. Rad1 Qh4
15. Kh1 cxd4 16. Bxd4 e5 17. Bb2 Rad8 18. Qc2 Kh8 19. Bf5 Qf6 20. Rxd7 Rxd7 21.
Bxd7 Qxf3+ 22. Kg1 Nf6 23. Qf5 Qb7 24. Ba4 Qc7 25. Bxe5 Qxc4 26. Bc2 Qh4 27.
Bg3 Qh6 28. Rd1 Nh5 29. Rd5 Nf6 30. Rd4 Nh5 31. Rh4 g6 32. Qe5+ f6 33. Qe7 Rc8
34. Bd3 Qg5 35. Rc4 Rg8 36. Rc7 Qh6 37. Be2 Rf8 38. Rxa7 Nxg3 39. hxg3 g5 40.
Bd3 Rc8 41. Qxh7+ Qxh7 42. Rxh7+ Kg8 43. Rd7 Rc3 44. a4 Ra3 45. Bb5 1-0

[Event "32. Offene Senioren-LEM Sachsen-Anh. 65"]
[Site "Magdeburg, Germany"]
[Date "2024.07.03"]
[Round "3.8"]
[White "Bregler, Herbert"]
[Black "Matthey, Harald"]
[Result "1-0"]
[WhiteElo "1952"]
[BlackElo "2063"]
[PlyCount "69"]
[EventDate "2024.??.??"]

1. d4 a6 2. e4 c6 3. c4 d5 4. exd5 cxd5 5. Nc3 Nf6 6. Nf3 Nc6 7. cxd5 Nxd5 8.
Bc4 e6 9. O-O Be7 10. a4 O-O 11. Re1 Ncb4 12. Qb3 Nb6 13. Bf1 Bd7 14. a5 N6d5
15. Nxd5 Nxd5 16. Qxb7 Nb4 17. Ne5 Be8 18. Qe4 f5 19. Qb1 Qxd4 20. Nd3 Nc6 21.
Rxe6 Bd7 22. Re1 f4 23. Bd2 f3 24. Bc3 Qg4 25. Qa2+ Kh8 26. g3 Bd6 27. Qa4 Qf5
28. Qe4 Qf7 29. Rad1 Rae8 30. Qh4 Bf5 31. Rxe8 Rxe8 32. Qa4 Nb8 33. Qd4 Bc7 34.
Nf4 Rd8 35. Qxd8+ 1-0

[Event "32. Offene Senioren-LEM Sachsen-Anh. 65"]
[Site "Magdeburg, Germany"]
[Date "2024.07.03"]
[Round "3.9"]
[White "Koehler, Gerhard"]
[Black "Renner, Bernd"]
[Result "1/2-1/2"]
[WhiteElo "2204"]
[BlackElo "1959"]
[PlyCount "80"]
[EventDate "2024.??.??"]

1. c4 Nf6 2. Nc3 e5 3. g3 Bb4 4. Nd5 Nxd5 5. cxd5 O-O 6. Bg2 Re8 7. Nf3 Bf8 8.
O-O c6 9. dxc6 dxc6 10. d3 Nd7 11. Nd2 Nf6 12. b3 Bf5 13. Bb2 Qc7 14. Rc1 Rad8
15. Qc2 Bc8 16. Nc4 Nd5 17. a3 f6 18. Rfd1 Kh8 19. e4 Nb6 20. Na5 Na4 21. b4
Nxb2 22. Qxb2 Bg4 23. f3 Be6 24. Qf2 Rd4 25. Bf1 Red8 26. Qc2 Qb6 27. Kg2 c5
28. Nc4 Bxc4 29. bxc5 Bxc5 30. dxc4 Bxa3 31. Rb1 Rxd1 32. Rxd1 Rd4 33. Qa4 Bf8
34. Qe8 Qc5 35. Rxd4 exd4 36. Bd3 Qe7 37. Qa8 b6 38. Qd5 Qc5 39. Qf7 Qe7 40.
Qd5 Qc5 1/2-1/2

[Event "32. Offene Senioren-LEM Sachsen-Anh. 65"]
[Site "Magdeburg, Germany"]
[Date "2024.07.03"]
[Round "3.19"]
[White "Klettke, Wolfgang"]
[Black "Kynast, Reinhard"]
[Result "1-0"]
[WhiteElo "2008"]
[BlackElo "1901"]
[PlyCount "99"]
[EventDate "2024.??.??"]

1. e4 c5 2. c3 Nf6 3. e5 Nd5 4. d4 cxd4 5. cxd4 d6 6. Nf3 Nc6 7. exd6 e6 8. Nc3
Nxc3 9. bxc3 Bxd6 10. Bd3 O-O 11. O-O b6 12. Qe2 g6 13. h4 Re8 14. h5 Qc7 15.
Ng5 Kg7 16. Qf3 Bb7 17. Ne4 Be7 18. Qe3 Kg8 19. Qh6 f5 20. hxg6 Bf8 21. Nf6+
Kh8 22. Nxe8 Rxe8 23. Qh5 Qg7 24. Qxh7+ Qxh7 25. gxh7 Kxh7 26. Re1 Nd8 27.
Bxf5+ Kg7 28. Be4 Ba6 29. Bf4 Bc4 30. Re3 Kf6 31. Be5+ Kf7 32. f4 Bg7 33. Kf2
Rh8 34. Rh3 Rxh3 35. gxh3 Bh6 36. a4 a6 37. Ke3 Ke7 38. Rb1 b5 39. axb5 axb5
40. Ra1 Nf7 41. Ra7+ Kf8 42. Kf3 Bb3 43. Bg6 Bd5+ 44. Kg3 Nxe5 45. dxe5 Kg8 46.
Bd3 Bc6 47. Rc7 Be8 48. Rb7 Bc6 49. Rb8+ Kf7 50. Bxb5 1-0

[Event "32. Offene Senioren-LEM Sachsen-Anh. 65"]
[Site "Magdeburg, Germany"]
[Date "2024.07.03"]
[Round "3.20"]
[White "Schmieder, Siegfried"]
[Black "Waltenberger, Udo"]
[Result "0-1"]
[WhiteElo "1906"]
[BlackElo "1995"]
[PlyCount "104"]
[EventDate "2024.??.??"]

1. e4 c5 2. Nc3 Nc6 3. Bb5 g6 4. Bxc6 bxc6 5. d3 Bg7 6. f4 d6 7. Nf3 Nf6 8. O-O
O-O 9. Bd2 Rb8 10. Rb1 Ne8 11. Qe1 Nc7 12. Kh1 Nb5 13. Ne2 Nd4 14. Nfxd4 cxd4
15. Ng3 e5 16. f5 Qh4 17. Qc1 Qe7 18. Bh6 f6 19. h4 Bxh6 20. Qxh6 Qg7 21. Qd2
Bd7 22. Rf3 Rb7 23. Qf2 Be8 24. b3 Qh6 25. Nf1 g5 26. g4 Qxh4+ 27. Qxh4 gxh4
28. Rh3 Rg7 29. Rxh4 Rg5 30. Nh2 h5 31. Rg1 Kg7 32. Nf3 Rxg4 33. Rhxg4+ hxg4
34. Rxg4+ Kh6 35. Rh4+ Bh5 36. Kh2 Rg8 37. Kh3 Rg7 38. Kh2 Rg4 39. Rxg4 Bxg4
40. Kg3 Bh5 41. b4 Bf7 42. a3 d5 43. Nd2 Kg7 44. Kf2 Kf8 45. Ke1 Ke7 46. Nf3
dxe4 47. dxe4 Kd6 48. Kd2 c5 49. c3 Bh5 50. Ne1 c4 51. cxd4 exd4 52. Nc2 Ke5
0-1

[Event "32. Offene Senioren-LEM Sachsen-Anh. 65"]
[Site "Magdeburg, Germany"]
[Date "2024.07.03"]
[Round "3.22"]
[White "Krueger, Erich"]
[Black "Gagelmann, Andreas"]
[Result "1-0"]
[WhiteElo "2095"]
[BlackElo "1883"]
[PlyCount "109"]
[EventDate "2024.??.??"]

1. d4 Nf6 2. c4 e5 3. dxe5 Ng4 4. Bf4 g5 5. Bg3 Bg7 6. Nf3 Nc6 7. h4 Ngxe5 8.
Nxe5 Nxe5 9. e3 d6 10. hxg5 Bg4 11. Qc2 Qxg5 12. Nc3 O-O-O 13. Be2 Bxe2 14.
Qxe2 Rde8 15. O-O-O Ng4 16. Nd5 Kb8 17. Rh4 Nf6 18. Nxf6 Qxf6 19. Rf4 Qg6 20.
Rg4 Qh5 21. Qf3 Be5 22. Bxe5 Rxe5 23. Qg3 Rhe8 24. Rg8 Qe2 25. Rxe8+ Rxe8 26.
Qf4 Qh5 27. Rd5 Qh1+ 28. Kc2 Qxg2 29. Qxf7 Qe4+ 30. Kc3 b6 31. Rh5 Re7 32. Qg8+
Kb7 33. Qd5+ Qxd5 34. cxd5 Kc8 35. Kd4 Kd7 36. e4 c6 37. dxc6+ Kxc6 38. f4 Rf7
39. f5 Re7 40. f6 Rf7 41. e5 dxe5+ 42. Kxe5 Kd7 43. Rh3 Ke8 44. Rg3 Kf8 45. Rc3
Kg8 46. Ke6 h5 47. Rc8+ Rf8 48. Rc7 h4 49. Rg7+ Kh8 50. Rg4 Rc8 51. Rxh4+ Kg8
52. f7+ Kg7 53. Rg4+ Kh7 54. Kd7 Rb8 55. Ke7 1-0

[Event "32. Offene Senioren-LEM Sachsen-Anh. 65"]
[Site "Magdeburg, Germany"]
[Date "2024.07.03"]
[Round "3.23"]
[White "Barten, Ralf"]
[Black "Cordes, Lothar"]
[Result "0-1"]
[WhiteElo "1970"]
[BlackElo "1858"]
[PlyCount "92"]
[EventDate "2024.??.??"]

1. Nf3 d5 2. d4 Nf6 3. c4 c6 4. Nc3 Bf5 5. cxd5 cxd5 6. Qb3 Bc8 7. Bg5 e6 8. e3
Be7 9. Bb5+ Nc6 10. Ne5 Bd7 11. Nxd7 Qxd7 12. Qa4 O-O 13. Bxc6 bxc6 14. O-O Qb7
15. Qc2 c5 16. dxc5 Bxc5 17. Rac1 Be7 18. Qe2 Rfc8 19. Rc2 Rc6 20. Rfc1 Rac8
21. Qd3 Qb4 22. g3 Qc4 23. Qxc4 Rxc4 24. Rd1 Bb4 25. Bxf6 gxf6 26. Rd3 R8c5 27.
Kf1 e5 28. Rcd2 Bxc3 29. bxc3 Ra4 30. Rxd5 Rxd5 31. Rxd5 Rxa2 32. Rd8+ Kg7 33.
c4 a5 34. Ra8 Rc2 35. Rxa5 Rxc4 36. Kg2 Rb4 37. h3 Rc4 38. Kf3 Kg6 39. Ra8 f5
40. Rg8+ Kf6 41. Ra8 h5 42. Rh8 Kg6 43. h4 e4+ 44. Kf4 Rc2 45. Rg8+ Kf6 46. f3
Rf2 0-1

[Event "32. Offene Senioren-LEM Sachsen-Anh. 65"]
[Site "Magdeburg, Germany"]
[Date "2024.07.03"]
[Round "3.24"]
[White "Wolke, Reimund"]
[Black "Domsgen, Bernd"]
[Result "1-0"]
[WhiteElo "1883"]
[BlackElo "1963"]
[PlyCount "63"]
[EventDate "2024.??.??"]

1. e4 c5 2. c3 g6 3. d4 cxd4 4. cxd4 Bg7 5. Nf3 Nc6 6. Nc3 d6 7. h3 Nf6 8. Bd3
O-O 9. O-O a6 10. d5 Na7 11. Be3 Bd7 12. a4 Qa5 13. Bd4 Nc8 14. Qe2 e5 15. dxe6
Bxe6 16. b4 Qh5 17. a5 Ne7 18. b5 axb5 19. Nxb5 Nc6 20. Bc3 d5 21. Qb2 dxe4 22.
Bxe4 Nxe4 23. Bxg7 Rfd8 24. Rfe1 Nc5 25. Re3 Ne7 26. Bf6 Nf5 27. Rc3 Ne4 28.
Rc7 Rd7 29. Be5 Ng5 30. Nxg5 Qxg5 31. Rac1 Rxa5 32. Bf6 1-0

[Event "32. Offene Senioren-LEM Sachsen-Anh. 65"]
[Site "Magdeburg, Germany"]
[Date "2024.07.03"]
[Round "3.25"]
[White "Onasch, Gunnar"]
[Black "Schwarz, Hans"]
[Result "1-0"]
[WhiteElo "1959"]
[BlackElo "1856"]
[PlyCount "97"]
[EventDate "2024.??.??"]

1. d4 e6 2. c4 f5 3. g3 Nf6 4. Nc3 d5 5. Bg2 c6 6. Bf4 Bd6 7. Bxd6 Qxd6 8. Nf3
Nbd7 9. e3 O-O 10. c5 Qe7 11. O-O Ne4 12. Qc2 e5 13. b4 Nxc3 14. Qxc3 e4 15.
Nd2 Nf6 16. Rfb1 Bd7 17. a4 a6 18. Bf1 Qe8 19. b5 axb5 20. axb5 Qh5 21. bxc6
Bxc6 22. Rxa8 Rxa8 23. Ra1 Rxa1 24. Qxa1 g5 25. Qe1 f4 26. exf4 gxf4 27. gxf4
Qg4+ 28. Bg2 Qxf4 29. Qe3 Qxe3 30. fxe3 Ng4 31. Nf1 Bb5 32. Bh3 Bxf1 33. Bxg4
Bc4 34. Bc8 Kf7 35. Bxb7 Ke7 36. Bc8 Bb5 37. Kf2 Bc6 38. Bf5 h6 39. Kg3 Kf6 40.
Kf4 Bb5 41. Bc8 Bc6 42. h3 Bb5 43. Bb7 Ke6 44. Kg4 Be2+ 45. Kf4 Bc4 46. Bc8+
Kf6 47. c6 Ke7 48. Ke5 Kd8 49. Be6 1-0

[Event "32. Offene Senioren-LEM Sachsen-Anh. 65"]
[Site "Magdeburg, Germany"]
[Date "2024.07.03"]
[Round "3.26"]
[White "Wolff, Stefan"]
[Black "Rausch, Erik"]
[Result "1-0"]
[WhiteElo "1956"]
[BlackElo "1827"]
[PlyCount "61"]
[EventDate "2024.??.??"]

1. Nf3 Nf6 2. c4 e6 3. Nc3 d5 4. d4 a6 5. Bf4 c5 6. e3 dxc4 7. Bxc4 b5 8. Bd3
Bb7 9. O-O Bd6 10. Bg5 Nbd7 11. Ne4 Be7 12. Bxf6 gxf6 13. dxc5 Nxc5 14. Nxc5
Bxc5 15. Qe2 Qe7 16. Rac1 h5 17. Bxb5+ Kf8 18. Bd3 Rd8 19. Bxa6 Be4 20. Nd2 Bd5
21. Bc4 Ba8 22. Rfd1 Rg8 23. Nf3 Rb8 24. b3 f5 25. Rc3 Be4 26. Bd3 Bb4 27. Rc2
Bd5 28. e4 fxe4 29. Bxe4 Bxe4 30. Qxe4 Bd6 31. Rcd2 1-0

[Event "32. Offene Senioren-LEM Sachsen-Anh. 65"]
[Site "Magdeburg, Germany"]
[Date "2024.07.03"]
[Round "3.28"]
[White "Luebeck, Stephan"]
[Black "Hauke, Hans"]
[Result "1-0"]
[WhiteElo "1942"]
[BlackElo "1824"]
[PlyCount "87"]
[EventDate "2024.??.??"]

1. d4 d5 2. Nf3 Nf6 3. e3 e6 4. Nbd2 Be7 5. Bd3 O-O 6. Ne5 Nbd7 7. f4 c5 8. c3
b6 9. O-O a5 10. Rf3 Bb7 11. Rh3 Ne4 12. Qh5 Ndf6 13. Qf3 c4 14. Bc2 b5 15. g4
g6 16. g5 Nd7 17. Qg4 Kg7 18. Qh4 Rh8 19. Ng4 f6 20. Nxe4 dxe4 21. gxf6+ Bxf6
22. Qg3 Be7 23. Qg2 Nf6 24. Nxf6 Bxf6 25. Bxe4 Bxe4 26. Qxe4 Qd7 27. Rg3 b4 28.
Bd2 bxc3 29. Bxc3 Rhe8 30. Qg2 a4 31. a3 Qd5 32. Rd1 Qf5 33. Qf3 Rac8 34. Rg2
Kf7 35. e4 Qb5 36. Rgd2 Be7 37. Qh3 h5 38. Qg3 Rg8 39. d5 g5 40. dxe6+ Kxe6 41.
Qh3+ g4 42. f5+ Kf7 43. Qxh5+ Kf8 44. Qh6+ 1-0

[Event "32. Offene Senioren-LEM Sachsen-Anh. 65+"]
[Site "Magdeburg"]
[Date "2024.07.03"]
[Round "3.31"]
[White "Brandt, Joachim"]
[Black "Just, Joachim"]
[Result "0-1"]
[WhiteElo "1829"]
[BlackElo "1909"]
[PlyCount "22"]
[EventDate "2024.??.??"]
[WhiteTeam "UNION 1861 Schönebeck"]
[BlackTeam "SV Motor Zeitz"]

1. e4 e6 2. d4 d5 3. e5 Qd7 4. Nf3 b6 5. c3 Ba6 6. Bxa6 Nxa6 7. Qd3 Nb8 8. Bf4
c5 9. Nbd2 Nc6 10. a3 c4 11. O-O cxd3 0-1

[Event "32. Offene Senioren-LEM Sachsen-Anh. 65+"]
[Site "Magdeburg"]
[Date "2024.07.03"]
[Round "3.32"]
[White "Möws, Harald"]
[Black "Winkler, Karl"]
[Result "0-1"]
[WhiteElo "1812"]
[BlackElo "1905"]
[PlyCount "72"]
[EventDate "2024.??.??"]
[WhiteTeam "Ahrensburger TSV"]
[BlackTeam "SG Eintracht Neubrandenburg"]

1. e4 e5 2. Bc4 Nc6 3. d3 Na5 4. Bb3 Nxb3 5. axb3 Nf6 6. f4 exf4 7. Bxf4 d6 8.
Nf3 Bg4 9. O-O Be7 10. Nc3 a6 11. h3 Bh5 12. g4 Bg6 13. Nh2 Qd7 14. Qf3 Qc6 15.
Rae1 O-O-O 16. Re2 h5 17. g5 Nh7 18. h4 f6 19. Nd5 Rde8 20. Qe3 Bf7 21. Nc3 Kb8
22. Nf3 Qd7 23. Rg2 Be6 24. Rff2 Nf8 25. d4 Ng6 26. Ne2 Bg4 27. Rh2 Rhf8 28.
Kh1 Qc6 29. Ng3 Nxf4 30. Qxf4 fxg5 31. Qe3 gxh4 32. d5 Qb6 33. Qxb6 cxb6 34.
Nf5 Bxf5 35. exf5 Rxf5 36. Nxh4 Rxf2 0-1

[Event "32. Offene Senioren-LEM Sachsen-Anh. 65+"]
[Site "Magdeburg"]
[Date "2024.07.03"]
[Round "3.33"]
[White "Funke, Arnold"]
[Black "Eberhardt, Michael"]
[Result "0-1"]
[WhiteElo "1902"]
[BlackElo "1801"]
[PlyCount "86"]
[EventDate "2024.??.??"]
[WhiteTeam "SV Aufbau Bernburg"]
[BlackTeam "SC Agon Neumünster"]

1. d4 Nf6 2. Nc3 g6 3. e4 d6 4. f4 Bg7 5. Nf3 O-O 6. Be3 Bg4 7. h3 Bxf3 8. Qxf3
e5 9. fxe5 dxe5 10. d5 c6 11. O-O-O cxd5 12. Nxd5 Nxd5 13. Rxd5 Qc7 14. Bb5 Nc6
15. Rhd1 Nd4 16. Bxd4 exd4 17. Rd7 Qe5 18. Rd5 Qe7 19. Rd7 Qg5+ 20. Kb1 Qxb5
21. Rd5 Qc6 22. g4 Rac8 23. Qb3 Qc4 24. e5 Qxb3 25. axb3 Rfe8 26. R5xd4 Bxe5
27. Rd7 Rc7 28. Rxc7 Bxc7 29. Rd3 b5 30. c4 b4 31. c5 Rd8 32. Re3 Kf8 33. Kc2
Rd5 34. Re4 Rxc5+ 35. Kd3 a5 36. Kd4 Rc2 37. Kd5 Rxb2 38. Kc6 Bd8 39. Rd4 Bf6
40. Rd5 Rxb3 41. Rxa5 Rxh3 42. g5 Bc3 43. Ra8+ Kg7 0-1

[Event "32. Offene Senioren-LEM Sachsen-Anh. 65+"]
[Site "Magdeburg"]
[Date "2024.07.03"]
[Round "3.35"]
[White "Albert, Gerhard"]
[Black "Rosenkranz, Eveline"]
[Result "1-0"]
[WhiteElo "1888"]
[BlackElo "676"]
[PlyCount "27"]
[EventDate "2024.??.??"]
[WhiteTeam "Hamelner SV"]
[BlackTeam "Haldensleber Sportclub"]

1. e4 a6 2. Nf3 Nc6 3. d4 Nf6 4. d5 Nb4 5. a3 c5 6. axb4 cxb4 7. e5 Ne4 8. Qd4
Nxf2 9. Qxf2 Qa5 10. Rxa5 g6 11. Ng5 h6 12. Qxf7+ Kd8 13. Be3 hxg5 14. Bb6# 1-0

[Event "32. Offene Senioren-LEM Sachsen-Anh. 65+"]
[Site "Magdeburg"]
[Date "2024.07.03"]
[Round "3.36"]
[White "Pranner, Marion"]
[Black "Sauter, Arthur"]
[Result "1-0"]
[WhiteElo "2055"]
[BlackElo "1690"]
[PlyCount "35"]
[EventDate "2024.??.??"]
[WhiteTeam "VfB 07 Lettin"]
[BlackTeam "SV Irxleben 1919"]

1. e4 c5 2. Nf3 g6 3. d4 Bg7 4. c4 cxd4 5. Nxd4 Qb6 6. Nb3 Qe6 7. Bd3 d5 8. Qc2
dxe4 9. Bxe4 Nf6 10. N1d2 Nxe4 11. Qxe4 Qxe4+ 12. Nxe4 Nc6 13. O-O Ne5 14. Nbd2
Nd3 15. Rb1 b6 16. b3 Nxc1 17. Rbxc1 O-O 18. Rfe1 1-0

[Event "32. Offene Senioren-LEM Sachsen-Anh. 65+"]
[Site "Magdeburg"]
[Date "2024.07.03"]
[Round "3.37"]
[White "Graßmann, Heinz"]
[Black "Klimpel, Siegfried"]
[Result "1-0"]
[WhiteElo "1972"]
[BlackElo "1796"]
[PlyCount "75"]
[EventDate "2024.??.??"]
[WhiteTeam "USC Magdeburg"]
[BlackTeam "TSV Kareth-Lappersdorf"]

1. d4 e5 2. d5 d6 3. c4 Be7 4. Nc3 f5 5. e3 Nf6 6. Nf3 O-O 7. Be2 Nbd7 8. O-O
Ne4 9. Qc2 Ndf6 10. Nd2 Nxc3 11. Qxc3 Qe8 12. f4 e4 13. Nb3 Qg6 14. Nd4 a6 15.
Rd1 h5 16. h3 Ne8 17. Qe1 c6 18. dxc6 bxc6 19. Nxc6 Bf6 20. Rb1 Bb7 21. Nb4 Bd8
22. Nc2 Nc7 23. Qb4 Rb8 24. Qxd6 Qg3 25. Qd2 Ne6 26. Qe1 Qg6 27. Nd4 Nxd4 28.
Rxd4 Bb6 29. Rd1 Rbd8 30. b4 Rxd1 31. Bxd1 Rd8 32. c5 Bc7 33. Bb2 Bxf4 34. exf4
e3 35. Qf1 Be4 36. Bb3+ Kh7 37. Rd1 Re8 38. Rd7 1-0

[Event "32. Offene Senioren-LEM Sachsen-Anh. 65+"]
[Site "Magdeburg"]
[Date "2024.07.03"]
[Round "3.38"]
[White "Hülle, Gunter"]
[Black "Zechel, Rolf-Rüdiger"]
[Result "0-1"]
[WhiteElo "1766"]
[BlackElo "1870"]
[PlyCount "64"]
[EventDate "2024.??.??"]
[WhiteTeam "SV Springer Leipzig"]
[BlackTeam "SK Kaltenkirchen"]

1. b4 e5 2. Bb2 Bxb4 3. Bxe5 Nf6 4. c4 O-O 5. a3 Be7 6. e3 c5 7. Nf3 Nc6 8. Bb2
d5 9. cxd5 Nxd5 10. Be2 Bf6 11. Qc2 b6 12. O-O Bxb2 13. Qxb2 Qf6 14. Qxf6 Nxf6
15. Nc3 Bb7 16. Rfd1 Rad8 17. d4 cxd4 18. exd4 Ne7 19. Ne5 Ned5 20. Nxd5 Bxd5
21. Ba6 Rd6 22. Rac1 Ra8 23. Rc7 Ne8 24. Rc3 Rad8 25. Rc8 Be6 26. Rxd8 Rxd8 27.
Bb7 Nf6 28. Nc6 Rd7 29. Bc8 Rc7 30. Bxe6 Rxc6 31. Bxf7+ Kxf7 32. d5 Rd6 0-1

[Event "32. Offene Senioren-LEM Sachsen-Anh. 65+"]
[Site "Magdeburg"]
[Date "2024.07.03"]
[Round "3.39"]
[White "Dehning-Busse, Karsten"]
[Black "Freitag, Ingo"]
[Result "1-0"]
[WhiteElo "1867"]
[BlackElo "1810"]
[PlyCount "93"]
[EventDate "2024.??.??"]
[WhiteTeam "Bremer SG von 1877"]
[BlackTeam "VfL Kalbe/Milde"]

1. d4 d5 2. Nc3 Nf6 3. Bg5 e6 4. e4 dxe4 5. Nxe4 Be7 6. Bxf6 Bxf6 7. Nf3 Nd7 8.
Qd2 b6 9. O-O-O Bb7 10. Bd3 Qe7 11. Qe3 O-O-O 12. Kb1 h6 13. Rhe1 Rhe8 14. h3
g5 15. Bb5 Bg7 16. Ne5 Bxe5 17. dxe5 c6 18. Nd6+ Kc7 19. Nxe8+ Rxe8 20. Be2 Nc5
21. Rd2 Nd7 22. Red1 Bc8 23. Bf3 Qc5 24. Qxc5 Nxc5 25. Rd6 Bb7 26. b4 Na4 27.
R6d3 b5 28. Rd7+ Kc8 29. R1d3 Rf8 30. Rxb7 Kxb7 31. Rd7+ Kb6 32. a3 Nc3+ 33.
Kb2 Nd5 34. Kb3 Nf4 35. Be4 Nd5 36. c4 bxc4+ 37. Kxc4 a6 38. a4 a5 39. bxa5+
Kxa5 40. Kc5 Kxa4 41. Kxc6 Nc3 42. Bc2+ Kb4 43. Rd4+ Ka5 44. Kd7 Nd5 45. Be4 f6
46. Kxe6 fxe5 47. Rxd5+ 1-0

[Event "32. Offene Senioren-LEM Sachsen-Anh. 65+"]
[Site "Magdeburg"]
[Date "2024.07.03"]
[Round "3.40"]
[White "Grube, Kurt"]
[Black "Boldt, Heinrich"]
[Result "1/2-1/2"]
[WhiteElo "1757"]
[BlackElo "1866"]
[PlyCount "54"]
[EventDate "2024.??.??"]
[WhiteTeam "SG Osnabrück"]
[BlackTeam "TSV Kareth-Lappersdorf"]

1. Nf3 d5 2. d4 Nf6 3. c4 c6 4. e3 Bf5 5. Nc3 e6 6. cxd5 exd5 7. Be2 Bd6 8. h3
Nbd7 9. a3 h6 10. Nh4 Bh7 11. Nf3 Qe7 12. b4 a6 13. Bb2 Ne4 14. Bd3 f5 15. O-O
g5 16. Nh2 Ndf6 17. Nf3 Rg8 18. Ne5 g4 19. h4 Bxe5 20. dxe5 Qxe5 21. Nxe4 Qxb2
22. Nd6+ Ke7 23. Nxf5+ Bxf5 24. Bxf5 g3 25. f3 Rad8 26. Qd4 Qxd4 27. exd4 Kd6
1/2-1/2

[Event "32. Offene Senioren-LEM Sachsen-Anh. 65+"]
[Site "Magdeburg"]
[Date "2024.07.03"]
[Round "3.41"]
[White "Jürgens, Peter"]
[Black "Reimers, Christine"]
[Result "0-1"]
[WhiteElo "1863"]
[BlackElo "1779"]
[PlyCount "56"]
[EventDate "2024.??.??"]
[WhiteTeam "SC Tempo Göttingen"]
[BlackTeam "Itzehoer SV von 1923"]

1. d4 d6 2. Nf3 Nf6 3. Bf4 g6 4. e3 Bg7 5. h3 Nbd7 6. Be2 O-O 7. O-O c5 8. c4
Nh5 9. Bh2 Qb6 10. Qd2 f5 11. Nc3 Nhf6 12. Rfd1 Re8 13. Ng5 Nf8 14. dxc5 Qxc5
15. Rac1 Bd7 16. Nd5 h6 17. Nxf6+ Bxf6 18. Nf3 Kg7 19. b4 Qb6 20. c5 dxc5 21.
bxc5 Qb2 22. Qxb2 Bxb2 23. Rc2 Bf6 24. Ne5 Ba4 25. Rdc1 Bxc2 26. Rxc2 a6 27.
Bf3 Rad8 28. Bxb7 Rd1# 0-1

[Event "32. Offene Senioren-LEM Sachsen-Anh. 65+"]
[Site "Magdeburg"]
[Date "2024.07.03"]
[Round "3.42"]
[White "Fleischer, Martin"]
[Black "Bertram, Thomas"]
[Result "1/2-1/2"]
[WhiteElo "1857"]
[BlackElo "1725"]
[PlyCount "165"]
[EventDate "2024.??.??"]
[WhiteTeam "SV Einheit Schwerin"]
[BlackTeam "SV 1919 Grimma"]

1. e4 e5 2. Nf3 Nc6 3. c3 Nf6 4. d3 d6 5. Be2 b6 6. b4 Bb7 7. Nbd2 Be7 8. b5
Na5 9. c4 O-O 10. Bb2 a6 11. a4 axb5 12. axb5 Nd7 13. O-O Nc5 14. Qc2 Ne6 15.
g3 Qd7 16. Bc3 Ng5 17. Nxg5 Bxg5 18. Nf3 Bh6 19. Nh4 c6 20. bxc6 Nxc6 21. Nf5
Bg5 22. Bg4 Qc7 23. h4 Bf6 24. Rab1 g6 25. Ne3 Nd4 26. Qb2 h5 27. Bh3 Ra6 28.
Bxd4 exd4 29. Nd5 Bxd5 30. cxd5 Rfa8 31. Rfc1 Qe7 32. Rc6 Bxh4 33. Rxb6 Bxg3
34. Rxa6 Bxf2+ 35. Qxf2 Rxa6 36. Bg2 Qe5 37. Rf1 Ra7 38. Qf6 Qg3 39. Qf3 Qe5
40. Qf4 Qe7 41. Rc1 Kg7 42. Rc6 Rd7 43. Bh3 Rd8 44. Qc1 Qh4 45. Bg2 Qg3 46. Qf1
h4 47. Qf3 Qg5 48. Rc7 Rf8 49. Kh2 Qe5+ 50. Kg1 g5 51. Bh3 Kh6 52. Bg2 f6 53.
Bh3 Ra8 54. Rc1 Ra2 55. Bg2 Rd2 56. Rf1 Kg6 57. Rf2 Rxf2 58. Qxf2 Kh5 59. Bf1
g4 60. Be2 Kg5 61. Qh2 g3 62. Qg2 Qf4 63. Qf1 Qxf1+ 64. Bxf1 Kf4 65. Kg2 Ke3
66. Kh3 Kf2 67. Bg2 Ke2 68. Kxh4 Kxd3 69. Kxg3 Ke3 70. Kg4 d3 71. Bf3 d2 72.
Bd1 Kxe4 73. Bb3 f5+ 74. Kg3 Ke3 75. Bd1 f4+ 76. Kg2 Kd4 77. Kf3 Kxd5 78. Kxf4
Kd4 79. Kf3 Kd3 80. Be2+ Kc3 81. Bd1 d5 82. Ke3 d4+ 83. Ke4 1/2-1/2

[Event "32. Offene Senioren-LEM Sachsen-Anh. 65+"]
[Site "Magdeburg"]
[Date "2024.07.03"]
[Round "3.43"]
[White "Klüver, Horst"]
[Black "Kühne, Jürgen"]
[Result "1-0"]
[WhiteElo "1850"]
[BlackElo "1725"]
[PlyCount "55"]
[EventDate "2024.??.??"]
[WhiteTeam "Itzehoer SV von 1923"]
[BlackTeam "SV Irxleben 1919"]

1. e4 c5 2. Bc4 e6 3. Nc3 Nc6 4. Nf3 Nf6 5. d4 cxd4 6. Nxd4 d5 7. exd5 exd5 8.
Be2 Bc5 9. Be3 O-O 10. O-O Bd7 11. Nxc6 bxc6 12. Bxc5 Re8 13. Bf3 Bf5 14. Rc1
Qd7 15. h3 Qb7 16. b4 Ne4 17. Bxe4 dxe4 18. Qe2 Re6 19. Qe3 Bg6 20. a4 a6 21.
Rcd1 f5 22. Rd4 Qf7 23. Ne2 Bh5 24. Nf4 Ree8 25. Nxh5 Qxh5 26. Rfd1 Qf7 27. Rd7
Qa2 28. Qc3 1-0

[Event "32. Offene Senioren-LEM Sachsen-Anh. 65+"]
[Site "Magdeburg"]
[Date "2024.07.03"]
[Round "3.44"]
[White "Bernhardt, Eduard"]
[Black "Böttcher, Frank"]
[Result "0-1"]
[WhiteElo "1717"]
[BlackElo "1848"]
[PlyCount "50"]
[EventDate "2024.??.??"]
[WhiteTeam "VfB Ottersleben"]
[BlackTeam "USV Potsdam, Abt. Schach"]

1. d4 Nf6 2. Nc3 d5 3. e4 dxe4 4. f3 exf3 5. Nxf3 Bg4 6. h3 Bh5 7. g4 Bg6 8.
Ne5 e6 9. Bg2 c6 10. h4 Bb4 11. h5 Be4 12. Bxe4 Nxe4 13. O-O Bxc3 14. bxc3 f6
15. Qf3 Qd5 16. Re1 Nd6 17. Qxd5 cxd5 18. Nd3 Kf7 19. Nf4 Re8 20. a4 Nd7 21.
Be3 Nc4 22. Kf2 Rac8 23. Ke2 Rc6 24. Kd3 Rec8 25. Nxd5 Nxe3 0-1

[Event "32. Offene Senioren-LEM Sachsen-Anh. 65+"]
[Site "Magdeburg"]
[Date "2024.07.03"]
[Round "3.45"]
[White "Hölzel, Gerhard"]
[Black "Möller, Peter"]
[Result "0-1"]
[WhiteElo "1839"]
[BlackElo "1712"]
[PlyCount "162"]
[EventDate "2024.??.??"]
[WhiteTeam "Ahrensburger TSV"]
[BlackTeam "SC Mecklenburger Springer"]

1. f4 d5 2. Nf3 Bg4 3. e3 e6 4. Be2 Bd6 5. O-O Nf6 6. Ne5 Bxe2 7. Qxe2 Nbd7 8.
d4 O-O 9. Nc3 a6 10. Bd2 c5 11. Nd1 Ne4 12. Be1 cxd4 13. exd4 Ndf6 14. Bh4 Be7
15. Bxf6 Bxf6 16. Nf2 Nxf2 17. Rxf2 Rc8 18. c3 Rc7 19. Raf1 g6 20. Qg4 Bg7 21.
Nf3 h6 22. Ne5 Qf6 23. Qh3 Qe7 24. g4 Kh7 25. Kh1 f6 26. Nf3 Qd6 27. f5 exf5
28. gxf5 g5 29. Qg4 Re7 30. Nd2 Rfe8 31. h4 Re1 32. hxg5 Rxf1+ 33. Rxf1 fxg5
34. f6 Bf8 35. Kg2 Qe6 36. Qf3 Qe2+ 37. Rf2 Qxf3+ 38. Nxf3 Bd6 39. f7 Rf8 40.
Ne5 Kg7 41. a4 Bxe5 42. dxe5 Rxf7 43. Rd2 Rd7 44. Kf3 h5 45. c4 d4 46. Ke4 h4
47. e6 Re7 48. Kf5 g4 49. Rxd4 Kf8 50. Kf6 h3 51. Rxg4 Rh7 52. Rg1 h2 53. Rh1
Rh6+ 54. Kf5 Ke7 55. Kg5 Rh8 56. Kf5 Rf8+ 57. Kg4 Rh8 58. Kg3 Kxe6 59. Rxh2
Rxh2 60. Kxh2 Ke5 61. Kg2 Kd4 62. b4 Kxc4 63. b5 a5 64. Kf2 Kb4 65. Ke2 Kxa4
66. b6 Kb5 67. Kd3 Kxb6 68. Kc4 Kc6 69. Kc3 b5 70. Kd4 Kd6 71. Kd3 Kc5 72. Kc3
a4 73. Kc2 Kb4 74. Kb2 a3+ 75. Ka2 Ka4 76. Ka1 b4 77. Ka2 b3+ 78. Ka1 Kb4 79.
Kb1 Kc3 80. Ka1 b2+ 81. Ka2 Kc2 0-1